What executives need to know about project management (E-Book) (Record no. 193213)

000 -LEADER
fixed length control field 00778 a2200229 4500
003 - CONTROL NUMBER IDENTIFIER
control field Nust
005 - DATE AND TIME OF LATEST TRANSACTION
control field 20170207154053.0
010 ## - LIBRARY OF CONGRESS CONTROL NUMBER
LC control number 2009018605
020 ## - INTERNATIONAL STANDARD BOOK NUMBER
International Standard Book Number 9780470500811 (cloth)
040 ## - CATALOGING SOURCE
Transcribing agency Nust
082 00 - DEWEY DECIMAL CLASSIFICATION NUMBER
Classification number 658.404
100 1# - MAIN ENTRY--PERSONAL NAME
Personal name Harold Kerzner, Frank Saladis.
245 10 - TITLE STATEMENT
Title What executives need to know about project management (E-Book)
Statement of responsibility, etc. Harold Kerzner, Frank Saladis.
260 ## - PUBLICATION, DISTRIBUTION, ETC.
Place of publication, distribution, etc. Hoboken, N.J. :
Name of publisher, distributor, etc. John Wiley & Sons, International Institute for Learning,
Date of publication, distribution, etc. c2009.
300 ## - PHYSICAL DESCRIPTION
Extent xv, 287 p. :
Other physical details ill. ;
Dimensions 24 cm.
490 0# - SERIES STATEMENT
Series statement The IIL/Wiley series in project management
500 ## - GENERAL NOTE
General note Includes index.
650 #0 - SUBJECT ADDED ENTRY--TOPICAL TERM
Topical term or geographic name entry element Management.
650 #0 - SUBJECT ADDED ENTRY--TOPICAL TERM
Topical term or geographic name entry element Project management.
651 ## - SUBJECT ADDED ENTRY--GEOGRAPHIC NAME
Geographic name What executives need to know about project management (E-Book)
700 1# - ADDED ENTRY--PERSONAL NAME
Personal name Saladis, Frank P.
942 ## - ADDED ENTRY ELEMENTS (KOHA)
Source of classification or shelving scheme
Koha item type Book
Holdings
Withdrawn status Lost status Source of classification or shelving scheme Damaged status Not for loan Collection code Permanent Location Current Location Date acquired Total Checkouts Full call number Barcode Date last seen Price effective from Koha item type
            Military College of Signals (MCS) Military College of Signals (MCS) 12/12/2016   658.404 KER MCSEB-2904 12/08/2016 12/12/2016 Book
© 2023 Central Library, National University of Sciences and Technology. All Rights Reserved.